000 03164nam a2200481 a 4500
003 CHAP
005 20240905142309.0
007 cr ||||||a|c|a
008 101025s2010 mx r 00010 spa d
035 _a111212
040 _cCHAP
090 _aTesis
100 1 _aFuentes Castillo, María Janet.
_943837
245 1 0 _aFactores determinantes de los cambios en el precio al productor de trigo en México 1994-2009
_c/por María Janet Fuentes Castillo; director José María Contreras Castillo
264 1 _aChapingo, Méx. :
_bEl autor,
_c2010.
300 _a1 recurso en línea (92 páginas):
_bCuadros, figuras
336 _2rdacontent
_atexto
_btxt
337 _2rdamedia
_acomputadora
_bc
338 _2rdacarrier
_arecursos en linea
_bcr
502 _cDICEA
_d2010.
_gLIC
_bLEA
520 _aLa investigación realizada tuvo como objetivo determinar y analizar los impactos de las reformas comerciales sobre los cambios en el precio al productor de trigo en México durante el período 1994-2009, aplicando un método propuesto por William Liefert (2007) para descomponer el cambio en el precio doméstico y medir la contribución relativa de las variaciones en los precios internacionales, los movimientos de la tasa de cambio y las modificaciones en la política comercial. La descomposición fue realizada para estimar el impacto de la reducción arancelaria del TLCAN sobre el precio doméstico. Está investigación concluye que las causas principales de los cambios el precio al productor de trigo durante el período 1994-2009 fueron los movimientos en el precio internacional y las apreciaciones y depreciaciones del tipo de cambio, ya que la política comercial no tuvo un fuerte impacto sobre estos movimientos. Se puede señalar que los cambios en el precio domésticos siguieron una tendencia muy parecida a la que llevaba el precio internacional y el tipo de cambios, esto debido a una fuerte elasticidad de transmisión de precios. Aunque parece haber ésta fuerte elasticidad de transmisión, existen todavía factores que impiden que las señales del precio internacional y de la tasa de cambio se trasladen de manera completa sobre el precio doméstico.
590 _aALEPH
_b10
_c20130110
590 _aBATCH-UPD
_b10
_c20130110
590 _aBATCH-UPD
_b10
_c20130410
590 _aBATCH-UPD
_b10
_c20130914
590 _aBATCH-UPD
_b10
_c20140324
590 _aBATCH-UPD
_b10
_c20141002
590 _aCONVERSION
_b10
_c20130109
650 1 4 _aControl de precios.
_927602
650 1 4 _aOrganización de productores.
_983544
650 1 4 _aPolítica comercial
_zMéxico.
_990479
650 1 4 _aTrigo
_xAspectos económicos.
_9114967
650 1 4 _aTrigo
_xPrecios.
_9115080
650 1 4 _aTrigo
_zMéxico.
_9115130
700 0 _aContreras Castillo, José María
_927471
_eDirector
856 _uhttp://10.13.5.2/tesis/111212.pdf
_zDESCARGAR PDF
901 _aBK
942 _cTD
_2Clasificación Universidad Autónoma Chapingo
949 _aTesis
_bBC
_cTES
_d33724002213777
_eTS1
_gDonaciØn
_h51199
_i111212
_sb
949 _aTesis
_bBC
_cTES
_d33724002213785
_eTS2
_fc.2
_gDonaciØn
_h51200
_i111212
_sb
999 _c99554
_d99554